Statistics for 2014 Forest Hills Drive (J. Cole Album)

Click here to take the quiz!

General Stats

  • This quiz has been taken 41 times
  • The average score is 9 of 13

Answer Stats

No.Song% Correct
9No Role Modelz
96%
1Intro
89%
3Wet Dreamz
85%
8G.O.M.D.
81%
11Apparently
74%
2January 28th
70%
6Fire Squad
67%
12Love Yourz
67%
7St. Tropez
63%
403' Adolescence
59%
5A Tale Of 2 Citiez
59%
10Hello
59%
13Note To Self
52%

Score Distribution

Percentile by Number Answered

Percent of People with Each Score

Your Score History

You have not taken this quiz